00526nam a22001937a 450000500170000001000110001702000220002803500110005003700160006104000120007708200120008924500640010126000430016527000340020830000200024265000240026265000280028670000180031420170124110114.0 a788854 c00.00a0246108916 a788854 bCen Lib/Ret aDPLbEN aS-bBES aThe best american short stories /cedited by Martha Foley  aLondon bHart-Davis, MacGibbon c1974  bLondon a3 upperjames street  a340p.c17cm(Hb) aEnglish literature  aShort stories, American aFoley, Martha